| Tag |
First Indicator |
Second Indicator |
Subfields |
| LEADER |
00000cam a2200000 4500 |
| 001 |
in00002784717 |
| 005 |
20151202171719.0 |
| 008 |
700325s1967 dcuab b 000 0 eng |
| 010 |
|
|
|a 71604818
|
| 035 |
|
|
|a (OCoLC)ocm00060919
|
| 035 |
|
|
|a (OCoLC)60919
|
| 040 |
|
|
|a DLC
|b eng
|c DLC
|d IAS
|d OCLCQ
|d BTCTA
|d OCLCG
|d WAU
|d CSO
|d UtOrBLW
|
| 043 |
|
|
|a n-us-nj
|
| 049 |
|
|
|a TXAM
|
| 050 |
0 |
0 |
|a QE75
|b .P9 no. 563-c
|
| 050 |
1 |
4 |
|a QK938.S3 L3 1967
|
| 051 |
|
|
|a QK938.S3
|b L3
|c Copy 2.
|
| 082 |
0 |
0 |
|a 550/.8 s
|
| 086 |
0 |
|
|a I 19.16:563-C
|
| 100 |
1 |
|
|a Laycock, William A.,
|d 1930-
|
| 245 |
1 |
0 |
|a Distribution of roots and rhizomes in different soil types in the Pine Barrens of New Jersey /
|c by William A. Laycock.
|
| 264 |
|
1 |
|a Washington :
|b U.S. Govt. Print. Off,
|c 1967.
|
| 300 |
|
|
|a v, 29 pages :
|b illustrations, map. ;
|c 29 cm.
|
| 336 |
|
|
|a text
|b txt
|2 rdacontent
|
| 337 |
|
|
|a unmediated
|b n
|2 rdamedia
|
| 338 |
|
|
|a volume
|b nc
|2 rdacarrier
|
| 490 |
1 |
|
|a Hydrology and ecology, Pine Barrens, New Jersey
|
| 490 |
1 |
|
|a Geological Survey professional paper 563-C
|
| 500 |
|
|
|a "Prepared in cooperation with the New Jersey Department of Conservation and Economic Development, Division of Water Policy and Supply; Rutgers University; and the U.S. Forest Service."
|
| 504 |
|
|
|a Bibliography: pages 27-29.
|
| 650 |
|
0 |
|a Plant ecology
|z New Jersey
|z Pine Barrens.
|
| 650 |
|
0 |
|a Roots (Botany)
|z New Jersey
|z Pine Barrens.
|
| 710 |
1 |
|
|a New Jersey.
|b Division of Water Policy and Supply.
|
| 710 |
2 |
|
|a Rutgers University.
|
| 710 |
1 |
|
|a United States.
|b Forest Service.
|
| 830 |
|
0 |
|a Hydrology and ecology, Pine Barrens, New Jersey.
|
| 830 |
|
0 |
|a Geological Survey professional paper ;
|v 563-C.
|
| 948 |
|
|
|a cataloged
|b h
|c 2012/12/7
|d c
|e mvaldespin
|f 03:23:22 pm
|
| 994 |
|
|
|a C0
|b TXA
|
| 999 |
|
|
|a MARS
|
| 999 |
f |
f |
|s fd14be74-77ee-3688-9407-34cb27ca189f
|i 3441616e-43c8-301c-aa2e-6db838ed715e
|t 0
|
| 952 |
f |
f |
|p normal
|a Texas A&M University
|b College Station
|c Sterling C. Evans Library
|d Evans: US Documents (Annex 5th floor)
|t 0
|e I 19.16:563-C
|h Superintendent of Documents classification
|i unmediated -- volume
|m A14837790811
|
| 998 |
f |
f |
|a I 19.16:563-C
|t 0
|l Evans: US Documents (Annex 5th floor)
|